• 首页
  • 本馆介绍
  • 公告通知
  • 最新文献
  • 馆藏检索
  • 电子资源
  • 读者导购
  • 参考咨询
  • 我的图书馆
  • 登录
  • 详细信息显示
  • 放入我的书架
  • 预约/预借图书
  • 作者相关作品
  • 分类相关作品
  • 丛书相关作品
  • 出版社相关作品

书目信息

  • 表格格式
  • 工作单格式
  • 卡片格式
题名:
钢的表面固体渗铝
    
 
作者: 李忠扬 , 朱斌 编著
分册:  
出版信息: 北京   机械工业出版社  1973
页数: 28页
开本: 20cm
丛书名:
单 册:
中图分类: TG17
科图分类:
主题词: 金属表面 , 金属表面清理 , 腐蚀
电子资源:
ISBN:
000 00709nam0 2200265 450
001 0562198604
005 20070802103231.37
010    @dCNY0.10
091    @a15033.3154
100    @a20051220d1973 km y0chiy0120 ea
101 0  @achi
102    @aCN@b110000
102    @aCN@b110000
200 1  @a钢的表面固体渗铝@Agang de biao mian gu ti shen lu@f李忠扬,朱斌编著@Fli zhong yang,zhu bin bian zhu
205    @a重排版
210    @a北京@c机械工业出版社@d1973
215 1  @a28页@d20cm
606 0  @a金属表面
606 0  @a金属表面清理
606 0  @a腐蚀
690    @aTG17@v4
701  0 @a李忠扬@Ali zhong yang@4编著
701  0 @a朱斌@Azhu bin@4编著
801  0 @aCN@bPFT@c20070802
905    @a10447@dTG17@e3
    
    钢的表面固体渗铝/李忠扬,朱斌编著.-重排版.-北京:机械工业出版社,1973
    28页;20cm
    
    
    ISBN :CNY0.10
    
●
相关链接 在E读中查询图书 在五车中查询图书 在当当中查询图书 在豆瓣中查询图书


正题名:钢的表面固体渗铝     索取号:TG17/3         预约/预借

序号 登录号 条形码 馆藏地/架位号 状态 备注
1 0017659   202179043   密集书库/ [索取号:TG17/3] 在馆    
2 0017663   202179089   密集书库/ [索取号:TG17/3] 在馆    
3 0790632   207906328   密集书库/ [索取号:TG17/3] 在馆    
唐山师范学院图书馆 欢迎您!
大连网信软件有限公司© 版权所有